[Event "FRM-chT 20th"]
[Site "Struga"]
[Date "2011.08.14"]
[Round "7"]
[White "Stojanovski, Icko"]
[Black "Menkinoski, Riste"]
[Result "0-1"]
[WhiteElo "2258"]
[BlackElo "2345"]
[PlyCount "70"]
[EventDate "2011.08.08"]
[EventType "team-tourn"]
[EventRounds "7"]
[EventCountry "MKD"]
[SourceTitle "CBM 143 Extra"]
[Source "ChessBase"]
[SourceDate "2011.08.29"]
[SourceVersion "1"]
[SourceVersionDate "2011.08.29"]
[SourceQuality "1"]
[WhiteTeam "Skopje Karposh"]
[BlackTeam "Prilep"]
[WhiteTeamCountry "MKD"]
[BlackTeamCountry "MKD"]

1. d4 Nf6 2. c4 e6 3. Nc3 Bb4 4. Bg5 h6 5. Bh4 b6 6. f3 0-0 7. e4 d6 8. Bd3 e5 9. Nge2 Nbd7 10. d5 Re8 11. Bc2 Ba6 12. Bb3 b5 13. cxb5 Bxb5 14. 0-0 Bxc3 15. bxc3 Nc5 16. c4 Ba6 17. Nc1 c6 18. dxc6 Ne6 19. Ne2 g5 20. Bf2 g4 21. Nc3 gxf3 22. gxf3 Ng5 23. Kh1 Kh8 24. Be3 Rg8 25. Qe2 Rc8 26. Ba4 Qa5 27. Bd2 Qc5 28. Bb5 Bxb5 29. cxb5 Rg6 30. Rac1 Rcg8 31. Nd5 Nh3 32. Be3 Nxd5 33. Bxc5 Ndf4 34. Qb2 Nd3 35. Qd2 dxc5 0-1

[Event "FRM-ch op 20th"]
[Site "Struga"]
[Date "2011.07.23"]
[Round "8"]
[White "Menkinoski, Riste"]
[Black "Hristovski, Srdzan"]
[Result "1-0"]
[WhiteElo "2345"]
[BlackElo "2145"]
[PlyCount "87"]
[EventDate "2011.07.16"]
[EventType "swiss"]
[EventRounds "9"]
[EventCountry "MKD"]
[SourceTitle "CBM 143 Extra"]
[Source "ChessBase"]
[SourceDate "2011.08.29"]
[SourceVersion "1"]
[SourceVersionDate "2011.08.29"]
[SourceQuality "1"]

1. d4 d5 2. c4 c6 3. Nf3 Nf6 4. g3 Bf5 5. Nc3 e6 6. Qb3 Qb6 7. c5 Qxb3 8. axb3 Be7 9. b4 Ne4 10. b5 Nxc3 11. bxc3 cxb5 12. e3 0-0 13. Bxb5 Be4 14. Ke2 a6 15. Re1 f6 16. Bd3 Bxd3+ 17. Kxd3 Nc6 18. Rb1 Ra7 19. Nd2 Rd8 20. Ba3 e5 21. Rb6 Rd7 22. Rbb1 Bf8 23. Rb2 Be7 24. Rb3 Kf7 25. f4 g6 26. Rf1 Kg7 27. Bb2 Kg8 28. fxe5 fxe5 29. e4 dxe4+ 30. Nxe4 Ra8 31. Ra3 b5 32. Nf6+ Bxf6 33. Rxf6 b4 34. Rxc6 bxa3 35. Bxa3 a5 36. Ke4 exd4 37. cxd4 Rb7 38. d5 Rb3 39. d6 Kf7 40. Rc7+ Ke8 41. Rxh7 Ra6 42. Bc1 Rb4+ 43. Kd5 Rg4 44. Bf4 1-0